Tutti i Gran Premi della Storia in Formula 1 - Statistics

Statistiche generali
  • Questo quiz è stato fatto 605 volte
  • Il punteggio medio è 31 su 50
Statistiche sulle risposte
Prima Edizione Gran Premio di % Corretto
1950 Italia
98%
1950 Francia
89%
1951 Germania
89%
1951 Spagna
89%
1959 Stati Uniti
89%
2004 Cina
88%
1973 Brasile
87%
1976 Giappone
87%
1963 Messico
86%
1985 Australia
85%
1950 Belgio
85%
1950 Monaco
85%
2014 Russia
84%
1964 Austria
83%
1958 Portogallo
83%
1967 Canada
82%
2021 Arabia Saudita
81%
1953 Argentina
81%
1952 Olanda
81%
2021 Qatar
80%
2004 Bahrain
74%
2008 Singapore
73%
2011 India
72%
1962 Sudafrica
71%
1986 Ungheria
71%
1981 San Marino
69%
2017 Azerbaijan
67%
1950 Gran Bretagna
64%
2005 Turchia
64%
1950 Svizzera
60%
2009 Abu Dhabi
58%
1999 Malesia
58%
1973 Svezia
57%
2020 Emilia-Romagna
55%
2022 Miami
54%
2010 Corea del Sud
51%
1981 Las Vegas
51%
1958 Marocco
48%
1983 Europa
40%
2020 Toscana
37%
2020 Stiria
35%
1997 Lussemburgo
32%
1957 Pescara
24%
2020 Sakhir
24%
2020 70° Anniversario
20%
2020 Eifel
18%
1976 Stati Uniti-Est
18%
1994 Pacifico
14%
1984 Detroit
13%
1976 Stati Uniti-Ovest
12%
Nessun quiz corrispondente trovato
Distribuzione punteggi
Percentuale di utenti per punteggio
Percentile per numero di risposta
I tuoi punteggi nel tempo
Non hai fatto questo quiz